DNA FINGERPRINTING AN INTRODUCTION (Record no. 22393)

MARC details
000 -LEADER
fixed length control field 00297nam a22001337a 4500
003 - CONTROL NUMBER IDENTIFIER
control field SGT
020 ## - INTERNATIONAL STANDARD BOOK NUMBER
International Standard Book Number 978-0833-54024-4
082 ## - DEWEY DECIMAL CLASSIFICATION NUMBER
Classification number 614.1
Item number KIR
100 ## - MAIN ENTRY--PERSONAL NAME
Personal name KIRBY, LORNE T.
245 ## - TITLE STATEMENT
Title DNA FINGERPRINTING AN INTRODUCTION
260 ## - PUBLICATION, DISTRIBUTION, ETC. (IMPRINT)
Place of publication, distribution, etc USA
Name of publisher, distributor, etc MOCMILLAN
Year of Publication 2020
300 ## - PAGE DESCRIPTION
No. of Pages 365
942 ## - ADDED ENTRY ELEMENTS (KOHA)
Source of classification or shelving scheme Dewey Decimal Classification
Koha item type Books
Holdings
Withdrawn status Lost status Source of classification or shelving scheme Damaged status Not for loan Collection code Home library Current library Shelving location Date acquired Vendor Name SGTU Bill Number Total Checkouts Full call number Accession No. (Barcode) Date last seen Bill Date Koha item type
    Dewey Decimal Classification   Not For Loan SCIENCE SGT Science & Social Sciences Library SGT Science & Social Sciences Library Text Book 04/03/2022 ABC SGTU 13842   614.1 KIR PS6626 04/03/2022   Books
    Dewey Decimal Classification   Not For Loan SCIENCE SGT Science & Social Sciences Library SGT Science & Social Sciences Library Text Book 04/03/2022 ABC SGTU 13842   614.1 KIR PS6627 04/03/2022   Books